| 000 | 00718nam a22002297a 4500 | ||
|---|---|---|---|
| 999 |
_c819 _d819 |
||
| 001 | 8105 | ||
| 003 | BD-DhUAP | ||
| 005 | 20200128120849.0 | ||
| 008 | 200128s2000 bg ||||| |||| 001 0 eng d | ||
| 020 | _a9840515217 | ||
| 040 |
_aBD-DhUAP _bEng _cBD-DhUAP _dBD-DhUAP |
||
| 082 |
_223 _a320.95492 GOV |
||
| 245 |
_aGovernance : _bSouth Asian perspectives / _cEdited by Hasnat Abdul Hye. |
||
| 260 |
_aDhaka : _bThe University press, _cc2000. |
||
| 300 |
_axiv, 552 pages ; _c22 cm. |
||
| 500 | _aIncludes index. | ||
| 650 |
_aLocal government _zSouth Asia. |
||
| 650 |
_aCentral-local government relations _zSouth Asia. |
||
| 650 | _aDecentralization in government. | ||
| 700 | _aHye, Hasnat Abdul. | ||
| 942 |
_2ddc _cBK |
||